Mwalimu mkuu wa watu / (Record no. 9278)
[ view plain ]
| 000 -LEADER | |
|---|---|
| fixed length control field | 00436cam a2200157 a 4500 |
| 005 - DATE AND TIME OF LATEST TRANSACTION | |
| control field | 20250901165805.0 |
| 008 - FIXED-LENGTH DATA ELEMENTS--GENERAL INFORMATION | |
| fixed length control field | 100310s2006 tz 000 0 swa |
| 010 ## - LIBRARY OF CONGRESS CONTROL NUMBER | |
| LC control number | 2010307036 |
| 020 ## - INTERNATIONAL STANDARD BOOK NUMBER | |
| International Standard Book Number | 9976983387 |
| 050 00 - LIBRARY OF CONGRESS CALL NUMBER | |
| Classification number | PL 8704 .M39 2006 |
| 100 1# - MAIN ENTRY--PERSONAL NAME | |
| Personal name | Mayega, P. B. |
| 245 10 - TITLE STATEMENT | |
| Title | Mwalimu mkuu wa watu / |
| Statement of responsibility, etc. | Paschally Boniface Mayega. |
| 260 ## - PUBLICATION, DISTRIBUTION, ETC. | |
| Place of publication, distribution, etc. | Dar es Salaam : |
| Name of publisher, distributor, etc. | MPB Enterprises, |
| Date of publication, distribution, etc. | 2006. |
| 300 ## - PHYSICAL DESCRIPTION | |
| Extent | vi, 112 p. ; |
| Dimensions | 21 cm. |
| 942 ## - ADDED ENTRY ELEMENTS (KOHA) | |
| Source of classification or shelving scheme | Library of Congress Classification |
| Withdrawn status | Lost status | Source of classification or shelving scheme | Damaged status | Not for loan | Collection | Home library | Current library | Shelving location | Date acquired | Total checkouts | Full call number | Barcode | Date last seen | Copy number | Price effective from | Koha item type | Date last checked out |
|---|---|---|---|---|---|---|---|---|---|---|---|---|---|---|---|---|---|
| Library of Congress Classification | Main Library | Main Library | 03/20/2025 | PL 8704 .M39 2006 | PIUD0000156 | 04/08/2025 | 1 | 03/20/2025 | Books | ||||||||
| Library of Congress Classification | Main Library | PIU Library | 03/20/2025 | 1 | PL 8704 .M39 2006 | PIUD0000157 | 12/01/2025 | 2 | 03/20/2025 | Books | 12/01/2025 |